[Event "2017 Oceania Zone 3.6 Zonal Womens Cham"]
[Site "Auckland NZL"]
[Date "2017.01.14"]
[Round "1.1"]
[White "Timergazi, Layla"]
[Black "Shen, Fiona"]
[Result "1-0"]
[WhiteElo "2069"]
[BlackElo "1658"]
[PlyCount "95"]
[EventDate "2017.01.14"]

1. d4 Nf6 2. c4 c5 3. d5 b5 4. Qc2 b4 5. e4 d6 6. b3 g6 7. Bb2 Bg7 8. Bd3 Nbd7
9. Nf3 Qc7 10. O-O a5 11. a3 bxa3 12. Nxa3 Ba6 13. Rfe1 Ne5 14. Nxe5 dxe5 15.
Ra2 O-O 16. Rea1 Rfb8 17. Bc3 Ne8 18. Nb1 Qb7 19. Rxa5 Qc8 20. Nd2 Rb6 21. Qb2
f6 22. Qa3 Bf8 23. Qxc5 Qb7 24. Qa3 e6 25. c5 Nc7 26. b4 Rb5 27. Bxb5 Nxb5 28.
Qb3 Nxc3 29. Qxc3 exd5 30. exd5 Kh8 31. b5 Rd8 32. bxa6 Qxd5 33. a7 Ra8 34. c6
Qd8 35. c7 Qc8 36. Rb5 Bd6 37. Rb8 Rxb8 38. axb8=Q Qxb8 39. cxb8=Q+ Bxb8 40.
Qc8+ Kg7 41. Qxb8 Kh6 42. Qf8+ Kg5 43. Nf3+ Kf5 44. Qc8+ Kf4 45. Ra4+ e4 46.
Qc7+ Kf5 47. Ra5+ Ke6 48. Nd4# 1-0

[Event "2017 Oceania Zone 3.6 Zonal Womens Cham"]
[Site "Auckland NZL"]
[Date "2017.01.14"]
[Round "1.2"]
[White "Parrado, Angelica"]
[Black "Milligan, Helen"]
[Result "0-1"]
[WhiteElo "1655"]
[BlackElo "2062"]
[PlyCount "70"]
[EventDate "2017.01.14"]

1. e4 e5 2. Bc4 Nf6 3. d3 Bc5 4. Bg5 d6 5. h3 Nc6 6. Nc3 h6 7. Bh4 g5 8. Bg3
Qe7 9. Nd5 Nxd5 10. Bxd5 Nd8 11. a3 c6 12. Ba2 Be6 13. Ne2 Bxa2 14. Rxa2 Ne6
15. c3 Bb6 16. d4 Nf4 17. Rg1 O-O-O 18. f3 Qe6 19. b3 f5 20. Rd2 fxe4 21. fxe4
exd4 22. cxd4 Qxe4 23. Bxf4 gxf4 24. Rd3 Rhg8 25. Rf3 Rxg2 26. Rxg2 Qxf3 27.
Rf2 Qxh3 28. Rxf4 Re8 29. Qd2 Bd8 30. Qc2 Bh4+ 31. Rxh4 Qxh4+ 32. Kd1 Qh1+ 33.
Kd2 Rxe2+ 34. Kxe2 Qg2+ 35. Kd3 Qxc2+ 0-1

[Event "2017 Oceania Zone 3.6 Zonal Womens Cham"]
[Site "Auckland NZL"]
[Date "2017.01.14"]
[Round "1.3"]
[White "Lane, Nancy L"]
[Black "Chew Lee, Alanna"]
[Result "1/2-1/2"]
[WhiteElo "1902"]
[BlackElo "1597"]
[PlyCount "56"]
[EventDate "2017.01.14"]

1. d4 d5 2. Nf3 Nf6 3. e3 c6 4. Bd3 Nbd7 5. b3 e6 6. O-O Bd6 7. Bb2 O-O 8. Ne5
Qc7 9. f4 Ne4 10. Nd2 f5 11. Nxd7 Qxd7 12. c4 b6 13. Nf3 Bb7 14. Ne5 Qe7 15.
Rf3 Rf6 16. Rh3 Raf8 17. Bxe4 dxe4 18. a3 Bxe5 19. fxe5 Rg6 20. Qd2 Rg4 21. Rf1
Rd8 22. Qe2 Rd7 23. Qf2 Qg5 24. b4 Qe7 25. Rg3 Rxg3 26. Qxg3 a6 27. Bc3 b5 28.
c5 Bc8 1/2-1/2

[Event "2017 Oceania Zone 3.6 Zonal Womens Cham"]
[Site "Auckland NZL"]
[Date "2017.01.14"]
[Round "1.4"]
[White "Braganza, Nadia"]
[Black "Guo, Zhi Lin"]
[Result "0-1"]
[WhiteElo "1489"]
[BlackElo "1872"]
[PlyCount "116"]
[EventDate "2017.01.14"]

1. e4 c5 2. Nf3 Nf6 3. e5 Nd5 4. Nc3 Nxc3 5. dxc3 d5 6. Be2 Bg4 7. O-O e6 8. h3
Bh5 9. Bf4 Be7 10. Nd4 Bxe2 11. Nxe2 Qc7 12. Ng3 Nc6 13. Qg4 Rg8 14. Rfe1 O-O-O
15. Nh5 Qb6 16. Rab1 Qa5 17. a3 Qa4 18. Re2 g5 19. Bh2 Qxg4 20. hxg4 d4 21. Re4
dxc3 22. bxc3 Rd2 23. Rc1 Rgd8 24. Bg3 Rd1+ 25. Rxd1 Rxd1+ 26. Kh2 Rd2 27. Nf6
Bxf6 28. exf6 Rxc2 29. Re3 Ra2 30. c4 Rc2 31. Re4 Rc3 32. f4 gxf4 33. Bxf4 Nd8
34. Bd6 b6 35. g5 Rd3 36. Be5 Rxa3 37. Rh4 Re3 38. Bd6 Kd7 39. Be7 Re5 40. Rxh7
Rxg5 41. Bxd8 Kxd8 42. Rxf7 Rg6 43. Rf8+ Kd7 44. Rf7+ Kd6 45. Rf8 Ke5 46. Ra8
Rxf6 47. Rxa7 Kd4 48. Ra4 e5 49. g4 e4 50. Kg3 e3 51. Ra1 Kxc4 52. Re1 Kd3 53.
g5 Re6 54. Kf3 e2 55. Rb1 e1=Q 56. Rxe1 Rxe1 57. Kf4 Rg1 58. Kf5 c4 0-1

[Event "2017 Oceania Zone 3.6 Zonal Womens Cham"]
[Site "Auckland NZL"]
[Date "2017.01.14"]
[Round "1.5"]
[White "Chibnall, Alana"]
[Black "Qin, Nicole Shu Yu"]
[Result "1-0"]
[WhiteElo "1842"]
[BlackElo "1327"]
[PlyCount "95"]
[EventDate "2017.01.14"]

1. e4 e6 2. Qe2 d5 3. exd5 Qxd5 4. Nc3 Qd8 5. Nf3 Nc6 6. d3 Nf6 7. g3 b6 8. Bg2
Bb7 9. O-O Bd6 10. Re1 O-O 11. Ne4 Be7 12. c3 Qd7 13. Nxf6+ Bxf6 14. d4 Ne7 15.
g4 Ng6 16. g5 Be7 17. Be3 Rab8 18. Rad1 Qc8 19. c4 Rd8 20. Rd3 Ba6 21. Rdd1 c5
22. b3 cxd4 23. Bxd4 Bc5 24. Ba1 Qc7 25. Ne5 Nf4 26. Qb2 Bf8 27. Bf1 Bb7 28.
Qc1 Ng6 29. Bd3 Bd6 30. Bxg6 hxg6 31. f3 Bxe5 32. Bxe5 Qc5+ 33. Kg2 Rbc8 34. h4
Qe7 35. Qc3 Qf8 36. Kg3 Kh7 37. Rh1 Rxd1 38. Rxd1 Bc6 39. Qd4 Kg8 40. Bd6 Qe8
41. b4 Rd8 42. c5 b5 43. Qe5 a6 44. Rh1 Qd7 45. h5 Qb7 46. h6 f6 47. Qxe6+ Qf7
48. h7+ 1-0

[Event "2017 Oceania Zone 3.6 Zonal Womens Cham"]
[Site "Auckland NZL"]
[Date "2017.01.14"]
[Round "1.6"]
[White "Chen, Paula"]
[Black "Hardegen, Kathryn"]
[Result "0-1"]
[WhiteElo "1279"]
[BlackElo "1797"]
[PlyCount "100"]
[EventDate "2017.01.14"]

1. d4 d5 2. Nf3 Nf6 3. Bf4 c5 4. c3 Nc6 5. e3 Qb6 6. Qc2 cxd4 7. exd4 Bf5 8.
Qc1 Rc8 9. Be3 Nb4 10. Na3 e6 11. Ne5 a6 12. Be2 Bg4 13. Nxg4 Nxg4 14. Bf4 Nf6
15. O-O Be7 16. Nc2 Nxc2 17. Qxc2 Qxd4 18. Be3 Qe5 19. Rad1 O-O 20. Bd4 Qc7 21.
Bxf6 Bxf6 22. Bd3 g6 23. Rd2 b5 24. Rb1 Qa5 25. Qd1 Rc6 26. a3 Rfc8 27. h3 Bg5
28. Re2 Qb6 29. Rc2 Qc7 30. Qg4 Bh6 31. Qh4 Bg7 32. Rbc1 e5 33. f3 Bf6 34. Qg3
Qe7 35. Qf2 e4 36. fxe4 dxe4 37. Bf1 Bh4 38. Qe2 Rf6 39. Qd1 Rd8 40. Qg4 h5 41.
Qe2 Rf2 42. Qe3 Rf5 43. Qe2 Qc5+ 44. Kh1 Bg5 45. Rd1 Rxd1 46. Qxd1 Qe5 47. Be2
Qg3 48. Qg1 Be3 49. Qb1 Rf2 50. Bd1 Rf1# 0-1

[Event "2017 Oceania Zone 3.6 Zonal Womens Cham"]
[Site "Auckland NZL"]
[Date "2017.01.14"]
[Round "1.7"]
[White "Punsalan, Vyanla M"]
[Black "Lourenco, Eva"]
[Result "1-0"]
[WhiteElo "1782"]
[BlackElo "1272"]
[PlyCount "83"]
[EventDate "2017.01.14"]

1. e4 c5 2. Nf3 Nc6 3. Bb5 g6 4. Nc3 Bg7 5. d3 e5 6. Bg5 f6 7. Be3 d6 8. O-O
Bd7 9. Nd5 Nd4 10. Bxd7+ Qxd7 11. c3 Nxf3+ 12. Qxf3 Ne7 13. Nxf6+ Bxf6 14. Qxf6
O-O-O 15. Bh6 Nc6 16. a3 Rhg8 17. b4 Rde8 18. Qg5 Qe7 19. Qxe7 Rxe7 20. f4 cxb4
21. axb4 b5 22. fxe5 dxe5 23. Rf6 g5 24. Rxc6+ Kb7 25. Rca6 Ka8 26. R1a5 Rd7
27. Rxb5 Rxd3 28. Rxe5 Rxc3 29. Re7 Rg6 30. Rexa7+ Kb8 31. Rxg6 hxg6 32. Rg7
Rc4 33. e5 Rxb4 34. Bxg5 Rb6 35. Bf6 Kc8 36. h4 Re6 37. Rxg6 Kd7 38. h5 Ke8 39.
h6 Kf7 40. Rg7+ Kf8 41. h7 Ke8 42. h8=Q# 1-0

[Event "2017 Oceania Zone 3.6 Zonal Womens Cham"]
[Site "Auckland NZL"]
[Date "2017.01.14"]
[Round "1.8"]
[White "Prasad, Tanvi"]
[Black "Smith, Vivian J"]
[Result "0-1"]
[WhiteElo "1265"]
[BlackElo "1741"]
[PlyCount "92"]
[EventDate "2017.01.14"]

1. e4 d6 2. Nf3 Nf6 3. Nc3 g6 4. Bc4 Bg7 5. d3 O-O 6. Be3 c6 7. Qd2 Ng4 8. O-O
Nxe3 9. Qxe3 a5 10. d4 Nd7 11. Qf4 b5 12. Bd3 e5 13. dxe5 dxe5 14. Qe3 Qe7 15.
a3 Bb7 16. Rad1 Nc5 17. b4 axb4 18. axb4 Ne6 19. Rb1 Ra3 20. Ne2 Rfa8 21. c3
Qc7 22. h3 h6 23. Rfd1 Rd8 24. Ra1 Rda8 25. Rab1 Rd8 26. Ra1 Raa8 27. Ne1 Nf4
28. Nxf4 exf4 29. Qf3 Rxa1 30. Rxa1 Bxc3 31. Rb1 Qd6 32. g3 Bxe1 33. Rxe1 Qxd3
34. Qxf4 Kg7 35. Qe5+ Kg8 36. Re3 Qd6 37. Qb2 Qd4 38. Qa3 Bc8 39. Qa8 Bxh3 40.
Qxc6 Qd1+ 41. Kh2 Qf1 42. e5 Qxf2+ 43. Kxh3 Qxe3 44. Qxb5 Qe4 45. Qa5 Qh1+ 46.
Kg4 Rd4# 0-1

[Event "2017 Oceania Zone 3.6 Zonal Womens Cham"]
[Site "Auckland NZL"]
[Date "2017.01.14"]
[Round "1.9"]
[White "Zhang, Jasmine Haomo"]
[Black "Ghadiali, Saasha"]
[Result "1-0"]
[WhiteElo "1719"]
[BlackElo "1035"]
[PlyCount "97"]
[EventDate "2017.01.14"]

1. d4 d5 2. Nf3 Nc6 3. Bf4 Nf6 4. e3 Bg4 5. c3 e6 6. Bd3 Be7 7. Nbd2 h6 8. h3
Bh5 9. Bb5 a6 10. Bxc6+ bxc6 11. Qa4 O-O 12. Qxc6 Bd6 13. Be5 Bxe5 14. Nxe5 a5
15. g4 Bg6 16. Nxg6 fxg6 17. Qxe6+ Kh7 18. Qe5 Re8 19. Qg3 Qd7 20. O-O c6 21.
Kh1 Rf8 22. Qg2 Rfe8 23. Rfe1 Qe7 24. f3 Qd6 25. e4 dxe4 26. Nxe4 Nxe4 27. fxe4
Qd7 28. e5 Re7 29. Re2 Rae8 30. Rf1 Qd5 31. Qxd5 cxd5 32. Kg2 g5 33. Rc2 Kg6
34. c4 dxc4 35. Rxc4 Rf7 36. Rc6+ Rf6 37. exf6 gxf6 38. Rfxf6+ Kg7 39. Kf2 Rd8
40. Rfd6 Re8 41. d5 Kf7 42. Rf6+ Kg8 43. d6 Rd8 44. Rc7 a4 45. d7 Kg7 46. Rd6
Kf7 47. Rc8 Rxd7 48. Rxd7+ Kg6 49. Rc6# 1-0

[Event "2017 Oceania Zone 3.6 Zonal Womens Cham"]
[Site "Auckland NZL"]
[Date "2017.01.14"]
[Round "1.10"]
[White "Ghadiali, Renae"]
[Black "Lim, Cassandra"]
[Result "0-1"]
[WhiteElo "991"]
[BlackElo "1711"]
[PlyCount "56"]
[EventDate "2017.01.14"]

1. e4 e6 2. Nf3 d5 3. exd5 exd5 4. Nc3 Nf6 5. d3 Bg4 6. Bg5 c6 7. Be2 Bd6 8.
O-O O-O 9. h3 Be6 10. Qd2 Nbd7 11. Bf4 Qc7 12. Bxd6 Qxd6 13. Ng5 Rae8 14. Nxe6
fxe6 15. Rfe1 e5 16. Bf3 Re7 17. d4 e4 18. Bg4 Nxg4 19. hxg4 Ref7 20. Nd1 Qf6
21. Rf1 Qh4 22. g5 Rf5 23. g3 Rxg5 24. Re1 Rf6 25. Kf1 Qh1+ 26. Ke2 Qf3+ 27.
Kf1 Rh5 28. Kg1 Rh1# 0-1

[Event "2017 Oceania Zone 3.6 Zonal Womens Cham"]
[Site "Auckland NZL"]
[Date "2017.01.14"]
[Round "1.11"]
[White "Qin, Joy Shu Yan"]
[Black "Lal, Krystal"]
[Result "1-0"]
[WhiteElo "1708"]
[BlackElo "692"]
[PlyCount "33"]
[EventDate "2017.01.14"]

1. e4 e5 2. Nf3 Nc6 3. Bb5 a6 4. Ba4 b5 5. Bb3 a5 6. c3 a4 7. Bc2 Nf6 8. d3 Bc5
9. O-O d6 10. h3 O-O 11. Qe2 b4 12. Rd1 d5 13. d4 dxe4 14. Nxe5 Nxe5 15. dxe5
Nd7 16. Qxe4 Ra7 17. Qxh7# 1-0

[Event "2017 Oceania Zone 3.6 Zonal Womens Cham"]
[Site "Auckland NZL"]
[Date "2017.01.14"]
[Round "1.12"]
[White "Oka, Itsuki"]
[Black "Yao, Licia"]
[Result "0-1"]
[WhiteElo "403"]
[BlackElo "1687"]
[PlyCount "112"]
[EventDate "2017.01.14"]

1. e4 e6 2. Nf3 d5 3. e5 c5 4. d4 Nc6 5. Be3 cxd4 6. Bxd4 Nge7 7. Nc3 Nf5 8.
Bb5 Be7 9. Bxc6+ bxc6 10. O-O c5 11. Be3 d4 12. Bf4 dxc3 13. bxc3 Qxd1 14.
Rfxd1 Bb7 15. Ne1 O-O 16. Rab1 Bc6 17. f3 Rfd8 18. Rbc1 Rxd1 19. Rxd1 Rd8 20.
Rxd8+ Bxd8 21. Nd3 Bb6 22. Nf2 Ne7 23. c4 Ba4 24. c3 Bc2 25. Ne4 Bxe4 26. fxe4
Ng6 27. Bg3 Ba5 28. Bf2 Nxe5 29. Bxc5 Bb6 30. Bxb6 axb6 31. Kf2 Nxc4 32. Ke2 e5
33. Kd3 b5 34. a4 Nb2+ 35. Kc2 Nxa4 36. Kb3 Nc5+ 37. Kb4 Nxe4 38. Kxb5 Nxc3+
39. Kc4 Ne2 40. g4 Kf8 41. Kd5 f6 42. Ke4 Ke7 43. h4 Ke6 44. Ke3 Nf4 45. Ke4 g6
46. Ke3 Ng2+ 47. Ke4 Nxh4 48. Ke3 f5 49. g5 Kd5 50. Ke2 f4 51. Kf2 e4 52. Ke2
Kd4 53. Kf2 e3+ 54. Ke2 f3+ 55. Ke1 Ng2+ 56. Kf1 e2+ 0-1

[Event "2017 Oceania Zone 3.6 Zonal Womens Cham"]
[Site "Auckland NZL"]
[Date "2017.01.15"]
[Round "2.1"]
[White "Smith, Vivian J"]
[Black "Timergazi, Layla"]
[Result "0-1"]
[WhiteElo "1741"]
[BlackElo "2069"]
[PlyCount "87"]
[EventDate "2017.01.14"]

1. e4 c6 2. d4 d5 3. e5 c5 4. Nf3 Nc6 5. dxc5 Bg4 6. Bb5 e6 7. O-O Bxc5 8.
Bxc6+ bxc6 9. Nc3 Ne7 10. Bf4 O-O 11. h3 Bh5 12. a3 Bb6 13. g4 Bg6 14. Re1 Qd7
15. Na4 c5 16. Nxb6 axb6 17. Nh4 Qb5 18. Bg5 Nc6 19. Nxg6 fxg6 20. Re3 Ra7 21.
Bh4 Raf7 22. Bg3 Nd4 23. b3 Nf3+ 24. Kg2 Qc6 25. Kf1 Ng5 26. Bh4 Ne4 27. Rxe4
dxe4 28. Qd6 Qb5+ 29. Kg2 e3 30. Qxe6 exf2 31. Rf1 Kh8 32. Qd6 Qe2 33. e6 Qe4+
34. Kh2 Rf3 35. Bg3 Re8 36. Be5 Qe3 37. Kg2 Rff8 38. Qc7 Qh6 39. Qd7 g5 40.
Rxf2 Rxf2+ 41. Kxf2 Qg6 42. Bxg7+ Kg8 43. Ke3 Qxe6+ 44. Qxe6+ 0-1

[Event "2017 Oceania Zone 3.6 Zonal Womens Cham"]
[Site "Auckland NZL"]
[Date "2017.01.15"]
[Round "2.2"]
[White "Milligan, Helen"]
[Black "Punsalan, Vyanla M"]
[Result "1-0"]
[WhiteElo "2062"]
[BlackElo "1782"]
[PlyCount "103"]
[EventDate "2017.01.14"]

1. e4 c5 2. Nf3 Nc6 3. Bb5 a6 4. Bxc6 dxc6 5. d3 g6 6. Nc3 Bg7 7. h3 e5 8. Be3
b6 9. Qd2 h6 10. O-O Be6 11. a4 Qe7 12. Ne2 a5 13. Nh2 Nf6 14. f4 Rd8 15. Qc1
Nh5 16. f5 gxf5 17. exf5 Bc8 18. Ng4 Qh4 19. Qe1 Qe7 20. Qf2 Nf6 21. Ng3 h5 22.
Nxf6+ Bxf6 23. Ne4 Rg8 24. Qf3 h4 25. b4 cxb4 26. Bxb6 Rd5 27. Qf2 Bg5 28. Rae1
Bf4 29. Bc5 Bg3 30. Qe3 Rxc5 31. Qxc5 Qxc5+ 32. Nxc5 Bxe1 33. Rxe1 f6 34. Re4
Rh8 35. Rc4 Rh5 36. Ne4 Kf8 37. Rxc6 Bxf5 38. Rxf6+ Kg7 39. Ra6 Rh6 40. Rxa5
Bxe4 41. dxe4 Rc6 42. Rxe5 Rxc2 43. Rb5 Rc4 44. e5 Kf7 45. a5 Ke6 46. a6 b3 47.
Rxb3 Ra4 48. Rb6+ Kxe5 49. Rg6 Ra1+ 50. Kh2 Kf5 51. Rg4 Rxa6 52. Rxh4 1-0

[Event "2017 Oceania Zone 3.6 Zonal Womens Cham"]
[Site "Auckland NZL"]
[Date "2017.01.15"]
[Round "2.3"]
[White "Guo, Zhi Lin"]
[Black "Zhang, Jasmine Haomo"]
[Result "1-0"]
[WhiteElo "1872"]
[BlackElo "1719"]
[PlyCount "59"]
[EventDate "2017.01.14"]

1. d4 d5 2. c4 e6 3. cxd5 exd5 4. Nc3 Nf6 5. Bg5 Be7 6. e3 c6 7. Bd3 O-O 8. Qc2
Nbd7 9. Nge2 Re8 10. O-O h6 11. Bh4 Nf8 12. f3 Ne6 13. Rad1 b6 14. Bf5 Bb7 15.
e4 c5 16. Bxf6 Bxf6 17. dxc5 d4 18. Nd5 Ba6 19. Nb4 Bxe2 20. Qxe2 bxc5 21. Nd5
Be5 22. f4 Bc7 23. Qg4 Kh8 24. Rf3 Bd6 25. Rh3 Bf8 26. Rdd3 g6 27. Bxg6 fxg6
28. Qxg6 Qd7 29. Nf6 Qg7 30. Rxh6+ 1-0

[Event "2017 Oceania Zone 3.6 Zonal Womens Cham"]
[Site "Auckland NZL"]
[Date "2017.01.15"]
[Round "2.4"]
[White "Lim, Cassandra"]
[Black "Chibnall, Alana"]
[Result "0-1"]
[WhiteElo "1711"]
[BlackElo "1842"]
[PlyCount "92"]
[EventDate "2017.01.14"]

1. d4 f5 2. Nc3 Nf6 3. Bg5 e6 4. e3 Bb4 5. Bd3 O-O 6. Nf3 d6 7. O-O Qe8 8. Qe2
Bxc3 9. bxc3 e5 10. Nd2 Nc6 11. f3 Bd7 12. Bc4+ Kh8 13. d5 Ne7 14. e4 f4 15.
Qf2 Qg6 16. Bxf6 Rxf6 17. Rab1 b6 18. Rfd1 Qh5 19. Nf1 g5 20. Bb5 Bc8 21. Rd2
Qg6 22. Qe2 g4 23. Kh1 Qh5 24. fxg4 Bxg4 25. Qc4 f3 26. Qxc7 fxg2+ 27. Rxg2 Bf3
28. Qxe7 Bxg2+ 29. Kg1 Qf3 30. Qxf6+ Qxf6 31. Kxg2 Rg8+ 32. Ng3 h5 33. Rf1 Qg6
34. Kf2 h4 35. Nf5 Qg2+ 36. Ke1 Qxe4+ 37. Kd1 Rg2 38. Bd3 Qg4+ 39. Kc1 Rg1 40.
Rxg1 Qxg1+ 41. Kb2 Qxh2 42. Nxd6 Qf4 43. Nc8 e4 44. Be2 h3 45. d6 h2 46. d7 Qc7
0-1

[Event "2017 Oceania Zone 3.6 Zonal Womens Cham"]
[Site "Auckland NZL"]
[Date "2017.01.15"]
[Round "2.5"]
[White "Hardegen, Kathryn"]
[Black "Qin, Joy Shu Yan"]
[Result "1/2-1/2"]
[WhiteElo "1797"]
[BlackElo "1708"]
[PlyCount "66"]
[EventDate "2017.01.14"]

1. d4 d5 2. c4 e6 3. Nc3 c5 4. cxd5 exd5 5. Nf3 Nc6 6. g3 Nf6 7. Bg2 Be7 8. O-O
O-O 9. Bg5 cxd4 10. Nxd4 Be6 11. Rc1 Qd7 12. Qa4 Rac8 13. Rfd1 h6 14. Be3 b6
15. Nxc6 Rxc6 16. Qa6 Bc5 17. Bxc5 Rxc5 18. e3 Rfc8 19. Rd4 Bh3 20. Rcd1 Bxg2
21. Kxg2 R8c7 22. e4 Qe7 23. exd5 Rd7 24. R4d3 Nxd5 25. Nxd5 Qe4+ 26. Kg1 Rdxd5
27. Rxd5 Rxd5 28. Rxd5 Qxd5 29. Qxa7 Qd1+ 30. Kg2 Qd5+ 31. Kf1 Qd1+ 32. Kg2
Qd5+ 33. Kg1 Qd1+ 1/2-1/2

[Event "2017 Oceania Zone 3.6 Zonal Womens Cham"]
[Site "Auckland NZL"]
[Date "2017.01.15"]
[Round "2.6"]
[White "Yao, Licia"]
[Black "Lane, Nancy L"]
[Result "1/2-1/2"]
[WhiteElo "1687"]
[BlackElo "1902"]
[PlyCount "85"]
[EventDate "2017.01.14"]

1. d4 d5 2. c4 c6 3. Nf3 Nf6 4. e3 e6 5. b3 c5 6. cxd5 Nxd5 7. Be2 cxd4 8. Nxd4
Bb4+ 9. Bd2 Bxd2+ 10. Qxd2 O-O 11. O-O Qf6 12. Nc3 Nxc3 13. Qxc3 Nc6 14. Rfd1
Ne7 15. Nb5 Qg5 16. Nd6 b6 17. Bf3 Nd5 18. Qd2 Ba6 19. Bxd5 exd5 20. Qxd5 Qg6
21. Qe4 Qf6 22. Rd4 Rad8 23. Rad1 Be2 24. R1d2 Rxd6 25. Rxe2 Re6 26. Qd3 h6 27.
Rd2 Rc6 28. Rc2 Re6 29. h3 Qg5 30. Rg4 Qe5 31. Qd4 f5 32. Qxe5 Rxe5 33. Rd4 Re7
34. Rcd2 Rc8 35. Rd8+ Rxd8 36. Rxd8+ Kf7 37. Kf1 Rc7 38. Ke2 Rc2+ 39. Rd2 Rc7
40. Rd3 Rc2+ 41. Rd2 Rc7 42. f3 Ke6 43. Rd3 1/2-1/2

[Event "2017 Oceania Zone 3.6 Zonal Womens Cham"]
[Site "Auckland NZL"]
[Date "2017.01.15"]
[Round "2.7"]
[White "Chew Lee, Alanna"]
[Black "Parrado, Angelica"]
[Result "1-0"]
[WhiteElo "1597"]
[BlackElo "1655"]
[PlyCount "91"]
[EventDate "2017.01.14"]

1. e4 d6 2. d4 Nf6 3. Nc3 e5 4. dxe5 dxe5 5. Qxd8+ Kxd8 6. Bg5 Bd6 7. O-O-O h6
8. Bh4 g5 9. Bg3 Nbd7 10. f3 Ke7 11. Nb5 a6 12. Nxd6 cxd6 13. Ne2 Nc5 14. Nc3
Be6 15. a3 b5 16. b4 Na4 17. Nxa4 bxa4 18. Kb2 Rhc8 19. Rc1 Rc6 20. Be2 Rac8
21. c3 Bb3 22. Bd1 Bxd1 23. Rhxd1 Nd7 24. Bf2 Rc4 25. Bg1 Rb8 26. Rd5 Nf6 27.
Ra5 Rc6 28. Rxa4 Ne8 29. Ra5 Rb5 30. Rxb5 axb5 31. Kb3 Nc7 32. Rc2 Ke6 33. c4
bxc4+ 34. Rxc4 Rxc4 35. Kxc4 d5+ 36. exd5+ Nxd5 37. b5 f5 38. b6 Ne7 39. Kc5
Kd7 40. a4 Nc6 41. Kb5 Nd4+ 42. Bxd4 exd4 43. Kc4 Kc6 44. a5 d3 45. Kxd3 Kb5
46. b7 1-0

[Event "2017 Oceania Zone 3.6 Zonal Womens Cham"]
[Site "Auckland NZL"]
[Date "2017.01.15"]
[Round "2.8"]
[White "Shen, Fiona"]
[Black "Prasad, Tanvi"]
[Result "1-0"]
[WhiteElo "1658"]
[BlackElo "1265"]
[PlyCount "53"]
[EventDate "2017.01.14"]

1. d4 d5 2. c4 c6 3. Nf3 Nf6 4. Nc3 Bg4 5. Bf4 dxc4 6. a4 e6 7. e3 Qb6 8. Ra2
Qb4 9. h3 Bxf3 10. Qxf3 Nd5 11. e4 Nxf4 12. Qxf4 Qb3 13. Qc1 Bb4 14. Ra1 O-O
15. Be2 Bxc3+ 16. bxc3 Rd8 17. O-O b6 18. Bd1 Qxd1 19. Rxd1 c5 20. dxc5 Rxd1+
21. Qxd1 Nc6 22. cxb6 axb6 23. Rb1 Rb8 24. Qd6 Rc8 25. Rxb6 Na5 26. Rb8 Rxb8
27. Qxb8# 1-0

[Event "2017 Oceania Zone 3.6 Zonal Womens Cham"]
[Site "Auckland NZL"]
[Date "2017.01.15"]
[Round "2.9"]
[White "Ghadiali, Saasha"]
[Black "Braganza, Nadia"]
[Result "0-1"]
[WhiteElo "1035"]
[BlackElo "1489"]
[PlyCount "106"]
[EventDate "2017.01.14"]

1. e4 c5 2. Nf3 Nc6 3. Nc3 g6 4. Bb5 Bg7 5. d3 Nf6 6. Bg5 O-O 7. O-O d6 8. h3
Bd7 9. Bxc6 Bxc6 10. Re1 Qb6 11. Rb1 Rfe8 12. a3 Qa6 13. Qd2 b5 14. Rf1 Qb7 15.
Bh6 a5 16. Bxg7 Kxg7 17. Rfe1 b4 18. axb4 axb4 19. Ne2 d5 20. exd5 Bxd5 21. Qe3
Bxf3 22. Qxf3 Qxf3 23. gxf3 Nd5 24. Ra1 e6 25. Kg2 Nb6 26. b3 Nd5 27. Kg3 Ra3
28. Rxa3 bxa3 29. Ra1 Ra8 30. f4 Nb4 31. c3 Nxd3 32. Kf3 Nb2 33. Ke3 Kf6 34.
Kd2 Kf5 35. c4 Ke4 36. Nc3+ Kxf4 37. Nd1 Nxd1 38. Kxd1 Kf3 39. Ra2 e5 40. Kc2
Kxf2 41. Kd3+ Kg3 42. Ke4 f5+ 43. Kxe5 f4 44. Kd5 f3 45. Kxc5 f2 46. Rxf2 Kxf2
47. Kb5 a2 48. Kb4 a1=Q 49. Kb5 Qa5+ 50. Kc6 Ra6+ 51. Kd7 Qb6 52. Ke7 Ra7+ 53.
Ke8 Qb8# 0-1

[Event "2017 Oceania Zone 3.6 Zonal Womens Cham"]
[Site "Auckland NZL"]
[Date "2017.01.15"]
[Round "2.10"]
[White "Qin, Nicole Shu Yu"]
[Black "Ghadiali, Renae"]
[Result "1-0"]
[WhiteElo "1327"]
[BlackElo "991"]
[PlyCount "95"]
[EventDate "2017.01.14"]

1. d4 d5 2. c4 dxc4 3. e4 Nf6 4. e5 Ng8 5. Bxc4 Nc6 6. Be3 e6 7. Nc3 Bb4 8.
Nge2 Bd7 9. a3 Ba5 10. O-O Nge7 11. Ng3 Ng6 12. f4 Bxc3 13. bxc3 O-O 14. f5
exf5 15. Nxf5 Bxf5 16. Rxf5 Qd7 17. Rf3 Qg4 18. Be2 Nh4 19. Rg3 Qe6 20. Rh3 Nf5
21. Bd3 Nxe3 22. Rxe3 h6 23. Rg3 Ne7 24. Qf3 Ng6 25. Bxg6 fxg6 26. Qxb7 Qf7 27.
Rf3 Qe7 28. Rxf8+ Rxf8 29. Qxa7 Qf7 30. Qa6 Qf2+ 31. Kh1 Rf7 32. Rg1 Qc2 33.
Qc4 Qf5 34. a4 Kf8 35. a5 Qc8 36. a6 Qa8 37. Qc5+ Ke8 38. Qc4 Re7 39. Qg8+ Kd7
40. Qxa8 Re8 41. Qxe8+ Kxe8 42. a7 Kd7 43. a8=Q Ke6 44. Qc6+ Kf5 45. Rf1+ Kg5
46. Qe4 Kh5 47. h3 Kg5 48. Qg4# 1-0

[Event "2017 Oceania Zone 3.6 Zonal Womens Cham"]
[Site "Auckland NZL"]
[Date "2017.01.15"]
[Round "2.12"]
[White "Lourenco, Eva"]
[Black "Oka, Itsuki"]
[Result "1-0"]
[WhiteElo "1272"]
[BlackElo "403"]
[PlyCount "151"]
[EventDate "2017.01.14"]

1. d4 d5 2. Bf4 Nc6 3. e3 Nf6 4. c3 e6 5. Nf3 Bd6 6. Ne5 Nd7 7. Bb5 Bxe5 8.
dxe5 O-O 9. Bxc6 bxc6 10. Nd2 c5 11. O-O c4 12. b3 Ba6 13. bxc4 Bxc4 14. Nxc4
dxc4 15. Qd4 Nb6 16. Rfd1 Qe7 17. Qe4 c5 18. a4 a5 19. h3 f6 20. exf6 Qxf6 21.
Qe5 Qxe5 22. Bxe5 Rf5 23. f4 Ra7 24. Rd6 Nd7 25. Rxe6 Nxe5 26. Rxe5 Rxe5 27.
fxe5 Re7 28. Rb1 Rxe5 29. Kf2 Rd5 30. Rb5 Rd3 31. Rxc5 Rxc3 32. Rxa5 Ra3 33. g4
Ra2+ 34. Ke1 c3 35. Kd1 Ra1+ 36. Kc2 Ra3 37. g5 g6 38. h4 Kg7 39. Ra7+ Kg8 40.
e4 Kf8 41. e5 Kg8 42. e6 Kf8 43. a5 Ke8 44. Rxh7 Rxa5 45. Kxc3 Re5 46. Kd4 Rxe6
47. Kd5 Ra6 48. Ke5 Ra5+ 49. Kf6 Ra6+ 50. Kg7 Ke7 51. Kh6+ Kf8 52. Rg7 Ra4 53.
Kxg6 Rxh4 54. Rh7 Rf4 55. Rh8+ Ke7 56. Kg7 Rf7+ 57. Kh6 Rf3 58. g6 Rh3+ 59. Kg7
Rf3 60. Rh7 Rd3 61. Kh6+ Kf8 62. g7+ Kg8 63. Rh8+ Kf7 64. g8=Q+ Ke7 65. Rh7+
Kd6 66. Qg6+ Kc5 67. Qxd3 Kc6 68. Re7 Kb6 69. Rd7 Kc6 70. Qd5+ Kb6 71. Qc4 Ka5
72. Rd5+ Kb6 73. Qc5+ Kb7 74. Rd6 Kb8 75. Qb6+ Kc8 76. Rd8# 1-0

[Event "2017 Oceania Zone 3.6 Zonal Womens Cham"]
[Site "Auckland NZL"]
[Date "2017.01.15"]
[Round "3.1"]
[White "Timergazi, Layla"]
[Black "Guo, Zhi Lin"]
[Result "1-0"]
[WhiteElo "2069"]
[BlackElo "1872"]
[PlyCount "71"]
[EventDate "2017.01.14"]

1. d4 d5 2. c4 c6 3. Nc3 Nf6 4. e3 e6 5. Nf3 Nbd7 6. b3 Bd6 7. Be2 O-O 8. O-O
Re8 9. Bb2 b6 10. Qc2 Bb7 11. Bd3 Rc8 12. Ne2 Qe7 13. Ne5 c5 14. Nxd7 Qxd7 15.
dxc5 bxc5 16. Bxf6 gxf6 17. Bxh7+ Kg7 18. Bd3 dxc4 19. bxc4 Rh8 20. f4 Rh6 21.
e4 Rch8 22. h3 Rg6 23. Rf3 Qc6 24. Rb1 Ba8 25. Qc3 Kg8 26. Rg3 Rxg3 27. Nxg3
Bxf4 28. Qxf6 Qd6 29. Rf1 Be3+ 30. Kh2 Rh7 31. Rd1 Bd4 32. e5 Qc6 33. Bxh7+
Kxh7 34. Qxf7+ Kh8 35. Qh5+ Kg8 36. Qg4+ 1-0

[Event "2017 Oceania Zone 3.6 Zonal Womens Cham"]
[Site "Auckland NZL"]
[Date "2017.01.15"]
[Round "3.2"]
[White "Chibnall, Alana"]
[Black "Milligan, Helen"]
[Result "1-0"]
[WhiteElo "1842"]
[BlackElo "2062"]
[PlyCount "107"]
[EventDate "2017.01.14"]

1. e4 e5 2. Nf3 Nc6 3. d4 exd4 4. Nxd4 Bc5 5. Be3 Qf6 6. c3 Nge7 7. Bc4 O-O 8.
O-O b6 9. f4 Bb7 10. e5 Qh6 11. Qd2 Bxd4 12. cxd4 Nf5 13. Nc3 Nce7 14. Bd3 f6
15. g4 Nxe3 16. Qxe3 fxe5 17. dxe5 Kh8 18. Be4 Bxe4 19. Qxe4 Qh4 20. Qg2 Ng6
21. Rad1 Qe7 22. Nd5 Qc5+ 23. Kh1 c6 24. Nc7 Rad8 25. Qe4 d5 26. exd6 Rxd6 27.
Ne6 Rxd1 28. Rxd1 Qe7 29. f5 Nh4 30. Qxc6 Re8 31. Qd7 Qxd7 32. Rxd7 Rc8 33. Kg1
Nf3+ 34. Kg2 Ne5 35. Rxa7 Nxg4 36. Kg3 Nf6 37. Rc7 Ra8 38. a3 Rb8 39. Kf3 Nh5
40. Rd7 g6 41. fxg6 hxg6 42. Rd8+ Rxd8 43. Nxd8 Nf6 44. a4 Kg8 45. h4 Kf8 46.
Kf4 Ke7 47. Nc6+ Ke6 48. Kg5 Ne4+ 49. Kxg6 Ng3 50. b3 Kd5 51. Ne7+ Kc5 52. Nc8
Kb4 53. Nxb6 Kxb3 54. a5 1-0